000 00633nam a2200241Ia 4500
003 OSt
005 20221005025927.0
006 a|||||r|||| 00| 0
007 ta
008 221004b |||||||| |||| 00| 0 eng d
024 _a51983
037 _cTextual
040 _aCRL
_cCRL
_beng
041 _2eng
_aeng
082 _aR3xK32, N3
100 _aTully James
245 0 _aApproach to political philosophy Locke in Contexts
260 _aCambridge
_bCambridge Univ press
_c1993
300 _a333p
_ccm.
650 _aPHILOSOPHY
942 _hR3xK32, N3
_cTEXL
_2cc
999 _c935469
_d935469